000 00612nam a2200253Ia 4500
005 20260121160903.0
008 008 260114s9999 xx 000 0 eng d
020 _a9781315714295
037 _aEBOOK
040 _aCRL
040 _beng
040 _cCRL
041 _2eng
041 _aeng
084 _qCRL
100 _a Nicholas Richardson
_91037558
245 0 _aPrudentius' Hymns for Hours and Seasons
260 _bTaylor and Francis
260 _c2016
856 _uhttp://www.taylorfrancis.com/books/9781315714295
942 _cEBOOK
999 _c1604374
_d1604374